Nouvelle critique et art moderne

保存先:
書誌詳細
第一著者: Daix, Pierre
フォーマット: 図書
言語:Undetermined
出版事項: París, Francia Seuil 1968
主題:
タグ: タグ追加
タグなし, このレコードへの初めてのタグを付けませんか!

MARC

LEADER 00000nam a2200000Ia 4500
008 170316s9999 xx 000 0 und d
040 |a cru BVZT 
090 |a C-840 D-1n 
100 |a Daix, Pierre 
245 |a Nouvelle critique et art moderne 
260 |a París, Francia 
260 |b Seuil 
260 |c 1968 
300 |a 200 páginas 
650 |a LITERATURA FRANCESA 
650 |a CRÍTICA 
999 |c 12968  |d 12968 
942 |c 15 D  |h C-840 D-1n  |2 z